[Event "1st Hainan Open 2016"]
[Site "Danzhou CHN"]
[Date "2016.12.15"]
[Round "8.3"]
[White "Zhou, Jianchao"]
[Black "Peng, Xiongjian"]
[Result "1/2-1/2"]
[WhiteTitle "GM"]
[WhiteElo "2632"]
[BlackElo "2362"]
[WhiteFideId "8603537"]
[BlackFideId "8610550"]
[EventDate "2016.12.07"]

1. d4 d5 2. c4 e6 3. Nc3 Nf6 4. cxd5 exd5 5. Bg5 Be7 6. e3 c6 7. Bd3 Nbd7 8.
Nge2 Nh5 9. Bxe7 Qxe7 10. g4 Nhf6 11. Ng3 g6 12. g5 Ng8 13. h4 h6 14. Qc2 hxg5
15. h5 Ndf6 16. hxg6 Rxh1+ 17. Nxh1 Be6 18. gxf7+ Bxf7 19. Bf5 Nd7 20. Ng3 O-O-O
21. O-O-O Nh6 22. Rh1 Nxf5 23. Nxf5 Qf8 24. Rg1 Be6 25. Rxg5 Kb8 26. Ng7 Bg8 27.
Qf5 Qd6 28. Qg4 Rf8 29. Ne8 Rxe8 30. Rxg8 Rxg8 31. Qxg8+ Kc7 32. Ne2 Qb4 33.
Qg3+ Kd8 34. Nc3 Qc4 35. Qf3 Qf1+ 36. Kc2 Nb6 37. Qe2 Qh3 38. f3 Qh8 39. b3 Qf6
40. Qg2 Nd7 41. Ne2 Qe7 42. e4 dxe4 43. fxe4 Qa3 44. Kb1 Qb4 45. Qg8+ Ke7 46.
Qg5+ Ke8 47. Kc2 Qa3 48. Nc3 Qd6 49. Kd3 Qh2 50. e5 Qh1 51. Qg6+ Ke7 52. Qd6+
Ke8 53. Qe6+ Kd8 54. Qf7 Qh3+ 55. Kd2 Qh6+ 56. Ke2 Qh2+ 57. Kd3 Qh3+ 58. Kc2
Qg2+ 59. Kc1 Qg1+ 60. Kc2 Qg2+ 61. Kd3 1/2-1/2

[Event "1st Hainan Open 2016"]
[Site "Danzhou CHN"]
[Date "2016.12.15"]
[Round "8.4"]
[White "Tsydypov, Zhamsaran"]
[Black "Rapport, Richard"]
[Result "0-1"]
[WhiteTitle "IM"]
[BlackTitle "GM"]
[WhiteElo "2460"]
[BlackElo "2717"]
[WhiteFideId "4108566"]
[BlackFideId "738590"]
[EventDate "2016.12.07"]

1. e4 e6 2. b3 d5 3. Bb2 Nc6 4. Bb5 dxe4 5. Nc3 Qg5 6. g3 Nf6 7. Qe2 Bd7 8. f3
Nd4 9. Bxd7+ Kxd7 10. Qd1 Qe5 11. f4 Qf5 12. Nce2 Nc6 13. h3 Rd8 14. g4 Qa5 15.
Ng3 Kc8 16. Qe2 e3 17. Qxe3 Bc5 18. Qe2 Nd5 19. Nf3 Ncb4 20. Qc4 Nxc2+ 21. Qxc2
Nb4 22. Qb1 Nd3+ 23. Kf1 Qa6 24. Kg2 h5 25. gxh5 Nxf4+ 26. Kh2 Rxh5 0-1

[Event "1st Hainan Open 2016"]
[Site "Danzhou CHN"]
[Date "2016.12.15"]
[Round "8.5"]
[White "Gusain, Himal"]
[Black "Lu, Shanglei"]
[Result "1/2-1/2"]
[BlackTitle "GM"]
[WhiteElo "2448"]
[BlackElo "2627"]
[WhiteFideId "5033861"]
[BlackFideId "8603332"]
[EventDate "2016.12.07"]

1. e4 c5 2. Nf3 d6 3. Bb5+ Nd7 4. O-O a6 5. Bd3 Ngf6 6. Re1 e5 7. c3 Be7 8. Bf1
O-O 9. d4 b5 10. d5 Rb8 11. b3 g6 12. a4 b4 13. cxb4 cxb4 14. Qc2 Nc5 15. Bh6
Re8 16. h3 Ncxe4 17. Rxe4 Bf5 18. Nbd2 Rc8 19. Qb1 Qa5 20. Qe1 Nxe4 21. Nxe4
Qxd5 22. Ng3 a5 23. Bc4 Rxc4 24. bxc4 Qxc4 25. Nxf5 gxf5 26. Rc1 Qe6 27. Be3 Rb8
28. Bg5 Bf8 29. Bd2 Bg7 30. Qd1 h6 31. Nh4 b3 32. g4 fxg4 33. Qxg4 h5 34. Qxh5
b2 35. Rb1 Qxh3 1/2-1/2

[Event "1st Hainan Open 2016"]
[Site "Danzhou CHN"]
[Date "2016.12.15"]
[Round "8.6"]
[White "Jumabayev, Rinat"]
[Black "Dai, Changren"]
[Result "1-0"]
[WhiteTitle "GM"]
[WhiteElo "2611"]
[BlackElo "2436"]
[WhiteFideId "13702661"]
[BlackFideId "8608156"]
[EventDate "2016.12.07"]

1. d4 Nf6 2. c4 g6 3. g3 Bg7 4. Bg2 O-O 5. Nf3 d6 6. O-O Nc6 7. Nc3 e5 8. d5 Nb8
9. e4 a5 10. Bg5 Na6 11. Qd2 Bd7 12. Rfe1 Qc8 13. b3 Ng4 14. Be7 Re8 15. Bh4 Nc5
16. h3 Nf6 17. Kh2 Kh8 18. Rad1 Ng8 19. Bg5 Rf8 20. Nh4 b6 21. Qc2 Qe8 22. Bc1
Qe7 23. f4 exf4 24. Bxf4 f6 25. Qd2 Rae8 26. Be3 Qd8 27. Rf1 Bc8 28. Rde1 Re5
29. Qc2 Nh6 30. a3 Ree8 31. b4 axb4 32. axb4 Nd7 33. Nb5 Ne5 34. Nd4 Ba6 35. b5
Bc8 36. Bd2 Nhf7 37. Ra1 Ng5 38. Ra8 Qe7 39. Rf4 Bd7 40. Ra7 Qd8 41. Nc6 Qc8 42.
g4 Ngf7 43. Rf1 Nd8 44. Be1 Nb7 45. Bg3 Nf7 46. Nf3 Nc5 47. Re1 f5 48. exf5 gxf5
49. g5 Ne4 50. Bh4 Ne5 51. Nfxe5 dxe5 52. Qe2 Nd6 53. Qh5 f4 54. Nxe5 Rxe5 55.
Rxe5 f3 56. g6 h6 57. Bxf3 Nf5 58. Re4 Nxh4 59. Rxh4 Rf5 60. Qg4 Qe8 61. Qe4 Re5
62. Qc2 Bf5 63. Qf2 Qxg6 64. Qg3 Qd6 65. Kg2 Kh7 66. Rh5 Qb4 67. Rxc7 Qd2+ 68.
Qf2 Qd3 69. Rxg7+ Kxg7 70. Qg3+ Kf6 71. Rxh6+ Bg6 72. Qf4+ Kg7 73. Qxe5+ Kxh6
74. Qf4+ Kg7 75. Kg3 Qf1 76. Qd4+ Kh7 77. d6 Qe1+ 78. Kg2 1-0

[Event "1st Hainan Open 2016"]
[Site "Danzhou CHN"]
[Date "2016.12.15"]
[Round "8.7"]
[White "Sandipan, Chanda"]
[Black "Li, Yankai"]
[Result "1/2-1/2"]
[WhiteTitle "GM"]
[WhiteElo "2593"]
[BlackElo "2324"]
[WhiteFideId "5004225"]
[BlackFideId "8609357"]
[EventDate "2016.12.07"]

1. d4 Nf6 2. Nf3 e6 3. Bf4 c5 4. e3 Nc6 5. Nbd2 d5 6. c3 Bd6 7. Bg3 O-O 8. Bd3
b6 9. O-O Bb7 10. Ne5 Qc7 11. Nxc6 Bxc6 12. Bxd6 Qxd6 13. f4 c4 14. Bc2 b5 15.
a3 Nd7 16. Nf3 f5 17. h3 a5 18. g4 g6 19. Qe1 Qe7 20. Rf2 Rab8 21. Rg2 b4 22.
axb4 axb4 23. Ra7 b3 24. Bd1 Ra8 25. Ne5 Rxa7 26. Nxc6 Qd6 27. Nxa7 Qa6 28. h4
Qxa7 29. Bf3 Nf6 30. h5 Kf7 31. g5 Nd7 32. Rh2 Rg8 33. Kg2 Nf8 34. Kg3 Rg7 35.
Qh1 Qa5 36. Qg2 Kg8 37. Rh1 Ra7 38. Qh2 Rg7 39. Qg2 Ra7 40. Rh2 Qa1 41. Rh1 1/2-1/2

[Event "1st Hainan Open 2016"]
[Site "Danzhou CHN"]
[Date "2016.12.15"]
[Round "8.8"]
[White "Xu, Yi"]
[Black "Batchuluun, Tsegmed"]
[Result "1/2-1/2"]
[WhiteTitle "IM"]
[BlackTitle "GM"]
[WhiteElo "2430"]
[BlackElo "2521"]
[WhiteFideId "8605564"]
[BlackFideId "4900847"]
[EventDate "2016.12.07"]

1. e4 e5 2. Nf3 Nc6 3. Bc4 Bc5 4. O-O Nf6 5. d3 d6 6. c3 a6 7. a4 Ba7 8. Re1 h6
9. Nbd2 Ne7 10. Nf1 Ng6 11. h3 O-O 12. Ng3 c6 13. d4 exd4 14. cxd4 d5 15. exd5
Nxd5 16. Ne5 Nxe5 17. dxe5 Qh4 18. Qb3 Bf5 19. Bxd5 cxd5 20. Be3 Bxe3 21. Qxe3
Bh7 22. Red1 Rad8 23. Rd4 Qe7 24. Nh5 Rfe8 25. Re1 Be4 26. f3 Bf5 27. g4 Bd7 28.
f4 f6 29. Rxd5 Bxa4 30. Rd4 Rxd4 31. Qxd4 Bc6 32. Ng3 fxe5 33. Rxe5 Qd7 34.
Rxe8+ Qxe8 35. Nf5 Qe1+ 36. Kh2 Qe2+ 37. Kg3 Qe1+ 38. Kh2 Qe2+ 39. Kg3 Qe1+ 40.
Kh2 Qe2+ 41. Kg3 1/2-1/2

[Event "1st Hainan Open 2016"]
[Site "Danzhou CHN"]
[Date "2016.12.15"]
[Round "8.9"]
[White "Fang, Yan"]
[Black "Fang, Yuxiang"]
[Result "1/2-1/2"]
[BlackTitle "IM"]
[WhiteElo "2429"]
[BlackElo "2510"]
[WhiteFideId "8604746"]
[BlackFideId "8605840"]
[EventDate "2016.12.07"]

1. d4 d5 2. Nf3 Nf6 3. Bf4 Bf5 4. e3 e6 5. Bd3 Bxd3 6. Qxd3 c6 7. O-O Bd6 8.
Nbd2 O-O 9. Bxd6 Qxd6 10. c4 Nbd7 11. cxd5 cxd5 12. Rfc1 Rfc8 13. Rc3 Rc6 14.
Rac1 Rac8 15. g3 g6 16. Kg2 Kg7 1/2-1/2

[Event "1st Hainan Open 2016"]
[Site "Danzhou CHN"]
[Date "2016.12.15"]
[Round "8.10"]
[White "Yermolinsky, Alex"]
[Black "Liu, Guanchu"]
[Result "1/2-1/2"]
[WhiteTitle "GM"]
[BlackTitle "IM"]
[WhiteElo "2486"]
[BlackElo "2418"]
[WhiteFideId "2005492"]
[BlackFideId "8603901"]
[EventDate "2016.12.07"]

1. d4 f5 2. g3 Nf6 3. Bg2 g6 4. c4 Bg7 5. Nc3 O-O 6. Nf3 d6 7. O-O Qe8 8. d5 Na6
9. Be3 Bd7 10. Rc1 c6 11. h3 Nh5 12. Qd2 e5 13. dxc6 Bxc6 14. Bh6 f4 15. Bxg7
Nxg7 16. gxf4 Nh5 17. Nd5 Nxf4 18. Nxf4 exf4 19. b4 Qe7 20. Rfe1 Nc7 21. b5 Be4
22. Qd4 d5 23. cxd5 Nxb5 24. Qe5 Qxe5 25. Nxe5 Bxg2 26. Kxg2 Rf5 1/2-1/2

[Event "1st Hainan Open 2016"]
[Site "Danzhou CHN"]
[Date "2016.12.15"]
[Round "8.11"]
[White "Zhao, Yuanhe"]
[Black "Werle, Jan"]
[Result "1/2-1/2"]
[BlackTitle "GM"]
[WhiteElo "2351"]
[BlackElo "2560"]
[WhiteFideId "8609497"]
[BlackFideId "1006088"]
[EventDate "2016.12.07"]

1. d4 Nf6 2. c4 c5 3. d5 e6 4. Nc3 exd5 5. cxd5 d6 6. Nf3 g6 7. Bf4 Bg7 8. Qa4+
Bd7 9. Qb3 Qc7 10. h3 b5 11. Nxb5 Qa5+ 12. Nc3 Ne4 13. Rc1 O-O 14. Nd2 Nxd2 15.
Bxd2 Na6 16. e3 Rab8 17. Qc4 Nc7 18. Ne4 Qb6 19. b4 Bb5 20. bxc5 Qa6 21. Qc2
Bxf1 22. Rxf1 Nxd5 23. Qc4 Qxc4 24. Rxc4 dxc5 25. Rxc5 Rfd8 26. Ba5 Rd7 27. Ke2
Rb2+ 28. Kf3 h6 29. Rd1 Nb6 30. Rxd7 Nxd7 31. Rc8+ Kh7 32. Bc3 Bxc3 33. Nxc3 Rb7
34. Nd5 Rb5 35. e4 Kg7 36. Rc7 Nb6 37. Nf4 Ra5 38. Ne6+ Kg8 39. Nd8 Ra3+ 40. Kg4
Rxa2 41. Nxf7 Rxf2 42. Nxh6+ Kf8 43. Kg3 Ra2 44. Rf7+ Ke8 45. Rg7 Ra3+ 46. Kf4
Nc4 47. Rxg6 a5 48. Nf5 Ra2 49. Rc6 Nd2 50. Ke5 Kd7 51. Rc3 a4 52. Rd3+ Kc7 53.
Kd5 Nb1 54. Ne3 a3 55. Nc4 Ra1 56. Kc5 Ra2 57. Kd5 Ra1 58. Kd4 Ra2 59. Rd1 Rb2
60. Nxa3 Nxa3 61. Rd3 Nb5+ 62. Kc5 Nd6 63. e5 Nb7+ 64. Kd5 Rxg2 65. Re3 Kd7 66.
e6+ Ke7 67. h4 Nd8 68. h5 Rh2 69. Re5 Rh4 70. Rf5 Nxe6 71. Ke5 Rh1 72. Kd5 Ng7
73. Rg5 Nxh5 74. Ke5 Re1+ 75. Kd4 Rd1+ 76. Ke5 Ra1 77. Ke4 Nf6+ 78. Kd4 Ke6 79.
Rb5 Ra4+ 80. Ke3 Nd5+ 81. Kf3 Ke5 82. Rc5 Rf4+ 83. Kg3 Rf8 84. Ra5 Rc8 85. Kf3
Rc3+ 86. Kg4 Rc4+ 87. Kf3 Rf4+ 88. Kg3 Rb4 89. Kf3 Rb3+ 90. Kg4 Ke4 91. Ra4+ Nb4
92. Ra8 Nc6 93. Ra4+ Ke5 94. Ra6 Kd5 95. Kf4 Rb4+ 96. Ke3 Re4+ 97. Kf2 Ne5 98.
Ra8 Rb4 99. Ke3 Rb3+ 100. Ke2 Kd4 101. Ra4+ Nc4 102. Ra8 Ke4 103. Re8+ Ne5 104.
Kd2 Rh3 105. Kc2 Re3 106. Rh8 Ra3 107. Re8 Ra7 108. Kd2 Rd7+ 109. Kc3 Rc7+ 110.
Kd2 Kd4 111. Rd8+ Nd7 112. Rh8 Nf6 113. Rd8+ Ke4 114. Rf8 Rc6 115. Ra8 Rd6+ 116.
Kc2 Nd5 117. Ra4+ Ke3 118. Ra3+ Ke2 119. Rh3 Ne3+ 120. Kb3 Rd3+ 121. Ka4 1/2-1/2

[Event "1st Hainan Open 2016"]
[Site "Danzhou CHN"]
[Date "2016.12.15"]
[Round "8.12"]
[White "Liu, Chang"]
[Black "Zhao, Zong-Yuan"]
[Result "1/2-1/2"]
[BlackTitle "GM"]
[WhiteElo "2334"]
[BlackElo "2544"]
[WhiteFideId "8606340"]
[BlackFideId "3202534"]
[EventDate "2016.12.07"]

1. e4 c5 2. Nf3 Nc6 3. g3 Nf6 4. Qe2 d5 5. exd5 Nxd5 6. Bg2 g6 7. O-O Bg7 8. Nc3
Nc7 9. d3 O-O 10. Be3 b6 11. Qd2 Bb7 12. Bh6 Ne6 13. Bxg7 Kxg7 14. Rae1 Rb8 15.
a3 Ned4 16. Nxd4 Nxd4 17. f4 Bxg2 18. Qxg2 Qd7 19. Rf2 Rfd8 20. Qe4 e6 21. a4
Rbc8 22. b3 a6 23. g4 f5 24. Qe5+ Kf7 25. h3 Qd6 26. Qxd6 Rxd6 27. Kg2 h5 28.
Nd1 hxg4 29. hxg4 Rdd8 30. Ne3 b5 31. axb5 axb5 32. Ra1 Ra8 33. Rff1 Kf6 34. Kg3
g5 35. gxf5 exf5 36. Rxa8 Rxa8 37. Nd5+ Kg6 38. c3 Ne2+ 39. Kf3 Nxf4 40. Nxf4+
gxf4 41. Kxf4 Rd8 42. Rf3 b4 43. cxb4 Rd4+ 44. Ke5 Rxb4 45. Kd5 Rxb3 46. Kxc5
Kg5 47. Kc4 Ra3 48. Rf1 f4 49. d4 f3 50. d5 Kf4 51. d6 Ra2 52. Kd5 f2 53. d7 Ke3
54. Ke6 Rd2 55. Ke7 Ke2 56. Rxf2+ Kxf2 57. d8=Q Rxd8 58. Kxd8 1/2-1/2

[Event "1st Hainan Open 2016"]
[Site "Danzhou CHN"]
[Date "2016.12.15"]
[Round "8.13"]
[White "Xiao, Yiyi"]
[Black "Hamitevici, Vladimir"]
[Result "1-0"]
[WhiteTitle "WFM"]
[BlackTitle "IM"]
[WhiteElo "2302"]
[BlackElo "2477"]
[WhiteFideId "8606161"]
[BlackFideId "13902393"]
[EventDate "2016.12.07"]

1. Nf3 b6 2. g3 g6 3. Bg2 Bb7 4. d4 Bg7 5. O-O f5 6. c4 Nf6 7. Nc3 e6 8. d5 Na6
9. dxe6 dxe6 10. Nd4 Bxg2 11. Kxg2 Nc5 12. Be3 Ng4 13. b4 Nxe3+ 14. fxe3 Qd7 15.
bxc5 bxc5 16. Ndb5 Qc6+ 17. Kg1 a6 18. Rc1 axb5 19. cxb5 Qd6 20. Qb3 Bh6 21. Rf3
Qe5 22. Kf2 g5 23. Na4 g4 24. Rxc5 Qf6 25. Rc6 Kf7 26. Nc5 Rhe8 27. Nd7 Qg5 28.
Ne5+ Kf8 29. Rxe6 Qh5 30. Rxh6 1-0

[Event "1st Hainan Open 2016"]
[Site "Danzhou CHN"]
[Date "2016.12.15"]
[Round "8.14"]
[White "Nguyen, Thi Mai Hung"]
[Black "Chen, Qi b"]
[Result "0-1"]
[WhiteTitle "WGM"]
[WhiteElo "2357"]
[BlackElo "2290"]
[WhiteFideId "12401676"]
[BlackFideId "8614733"]
[EventDate "2016.12.07"]

1. d4 Nf6 2. Nf3 g6 3. g3 Bg7 4. Bg2 O-O 5. O-O d5 6. c4 c6 7. Qb3 Qb6 8. Nc3
Rd8 9. Rd1 Bf5 10. Qxb6 axb6 11. cxd5 Nxd5 12. Nxd5 cxd5 13. Bf4 Be4 14. a3 Nc6
15. e3 Rdc8 16. Rac1 Na5 17. Nd2 Bxg2 18. Kxg2 b5 19. Nb1 e6 20. Nc3 Nb3 21. Rb1
b4 22. axb4 Bf8 23. Rd3 Na1 24. b5 Bb4 25. g4 f6 26. f3 Bxc3 27. Rxc3 Rxc3 28.
bxc3 Ra2+ 29. Kg3 Nc2 30. b6 Na3 31. Rb4 Nc4 32. h4 Rb2 33. Rxb2 Nxb2 34. Kf2
Nd1+ 35. Ke2 Nxc3+ 36. Kd3 Na4 37. Bc7 Nb2+ 38. Kc3 Nc4 39. e4 Kf7 40. Bd8 f5
41. gxf5 gxf5 42. exd5 exd5 43. Kb4 Nd2 44. f4 Ke6 45. Kc3 Nc4 46. Kb4 Kd7 47.
Bc7 Kc6 48. Bd8 Nxb6 49. Be7 Nc4 50. Bg5 Nd2 51. Be7 Nf3 52. Bf6 Ng1 53. Be5 h5
54. Bf6 Nf3 55. Ka5 Kd6 56. Kb6 Ke6 57. Bd8 Nxd4 58. Kc5 Nf3 59. Kb4 d4 60. Kc4
b5+ 61. Kd3 Kd5 62. Be7 Ne1+ 63. Ke2 Ng2 0-1

[Event "1st Hainan Open 2016"]
[Site "Danzhou CHN"]
[Date "2016.12.15"]
[Round "8.15"]
[White "Liu, Yan"]
[Black "Vo, Thi Kim Phung"]
[Result "1-0"]
[WhiteTitle "FM"]
[BlackTitle "WIM"]
[WhiteElo "2403"]
[BlackElo "2229"]
[WhiteFideId "8608962"]
[BlackFideId "12401838"]
[EventDate "2016.12.07"]

1. d4 Nf6 2. Nf3 d5 3. c4 c6 4. e3 Bf5 5. Nc3 e6 6. Nh4 Bg4 7. Qb3 Qb6 8. h3 Bh5
9. g4 Bg6 10. Nxg6 hxg6 11. Bg2 Nbd7 12. g5 Ng8 13. c5 Qc7 14. e4 Ne7 15. exd5
Nxd5 16. Nxd5 exd5 17. Qg3 Qxg3 18. fxg3 Be7 19. h4 f6 20. Bh3 fxg5 21. hxg5 Rh5
22. Kf2 O-O-O 23. Kg2 Rdh8 24. Bd2 Kd8 25. Raf1 Rf8 26. Rxf8+ Nxf8 27. Rf1 b6
28. b4 Rh8 29. Bg4 Rg8 30. b5 Nd7 31. Bf4 bxc5 32. bxc6 Nb6 33. Rb1 Ke8 34. Be6
Rf8 35. Rxb6 1-0

[Event "1st Hainan Open 2016"]
[Site "Danzhou CHN"]
[Date "2016.12.15"]
[Round "8.16"]
[White "Zhu, Jiner"]
[Black "Ji, Dan"]
[Result "0-1"]
[WhiteElo "2165"]
[BlackElo "2398"]
[WhiteFideId "8608059"]
[BlackFideId "8601887"]
[EventDate "2016.12.07"]

1. e4 c5 2. Nf3 d6 3. d4 cxd4 4. Nxd4 Nf6 5. Nc3 a6 6. Be3 e6 7. f3 Nbd7 8. Qd2
b5 9. O-O-O Ne5 10. Bd3 Nfd7 11. Qf2 Bb7 12. Kb1 Rc8 13. Nce2 Be7 14. h4 O-O 15.
Qg3 Re8 16. f4 Nxd3 17. cxd3 Bf8 18. h5 Kh8 19. Nf3 e5 20. f5 h6 21. Qh3 d5 22.
exd5 Bxd5 23. Nc3 Rxc3 24. bxc3 Qa5 25. Rd2 e4 26. Ne1 Qxc3 27. Rc2 Qb4+ 28. Rb2
Qa4 29. d4 Bb4 30. Bc1 e3 31. Nd3 Bc3 32. Rc2 Qxd4 33. Bb2 Qxd3 34. Bxc3 Be4 35.
Rc1 Qxc3 0-1

[Event "1st Hainan Open 2016"]
[Site "Danzhou CHN"]
[Date "2016.12.15"]
[Round "8.17"]
[White "Li, Bo"]
[Black "Chu, Wei Chao"]
[Result "1-0"]
[WhiteTitle "IM"]
[BlackTitle "IM"]
[WhiteElo "2364"]
[BlackElo "2281"]
[WhiteFideId "8602786"]
[BlackFideId "8605661"]
[EventDate "2016.12.07"]

1. d4 Nf6 2. c4 c5 3. d5 e6 4. Nc3 exd5 5. cxd5 d6 6. e4 g6 7. Bb5+ Nbd7 8. Qe2
Qe7 9. Nf3 a6 10. Bxd7+ Nxd7 11. Bg5 f6 12. Bf4 Ne5 13. a4 Bg7 14. Bxe5 fxe5 15.
Nd2 O-O 16. Nc4 Qg5 17. f3 Qd8 18. a5 Bh6 19. O-O Rb8 20. Nb6 Bf4 21. Nca4 Qg5
22. Nxc8 Be3+ 23. Kh1 Rbxc8 24. Nb6 Rcd8 25. Nc4 Bd4 26. Ra3 Rf4 27. g3 Rf7 28.
Rb3 h5 29. Qd2 Qxd2 30. Nxd2 c4 31. Nxc4 Rc7 32. Rb4 Rc5 33. b3 Rd7 34. f4 exf4
35. Nb6 Re7 36. Rxd4 fxg3 37. Nc4 gxh2 38. Rf6 Rb5 39. Rxg6+ Kh7 40. Rg3 Rb4 41.
Kxh2 1-0

[Event "1st Hainan Open 2016"]
[Site "Danzhou CHN"]
[Date "2016.12.15"]
[Round "8.18"]
[White "Kulkarni, Bhakti"]
[Black "Wang, Jue"]
[Result "1-0"]
[WhiteTitle "CM"]
[BlackTitle "WGM"]
[WhiteElo "2281"]
[BlackElo "2364"]
[WhiteFideId "5019516"]
[BlackFideId "8604070"]
[EventDate "2016.12.07"]

1. d4 Nf6 2. c4 g6 3. Nc3 Bg7 4. e4 d6 5. Bd3 O-O 6. Nge2 Nc6 7. O-O e5 8. d5
Nd4 9. Nxd4 exd4 10. Ne2 Re8 11. f3 Nd7 12. Bc2 Ne5 13. Nxd4 Nxc4 14. Rb1 c6 15.
b3 Qb6 16. bxc4 Qxd4+ 17. Qxd4 Bxd4+ 18. Kh1 c5 19. Ba4 Re7 20. Bg5 f6 21. Bf4
Be5 22. Be3 b6 23. Bc6 Rb8 24. Rb3 Bb7 25. Bb5 Rf8 26. Re1 Rc8 27. Rd1 g5 28. g3
Rec7 29. Ra3 a6 30. Ba4 b5 31. cxb5 axb5 32. Bxb5 c4 33. Bd4 Bxd4 34. Rxd4 c3
35. Rd1 c2 36. Rc1 f5 37. g4 fxe4 38. fxe4 Rf7 39. Kg2 Rf4 40. Bd7 Rc7 41. Bf5
Kg7 42. Ra7 Rf7 43. Rxc2 Bxd5 44. Rxf7+ Bxf7 45. Rd2 Bg6 46. Rf2 Rxf2+ 47. Kxf2
Be8 48. Ke3 h5 49. gxh5 Bxh5 50. a4 Be8 51. a5 Kf6 52. Kd4 Bb5 53. Bc8 Ke7 54.
a6 Kd8 55. a7 Bc6 56. Be6 1-0

[Event "1st Hainan Open 2016"]
[Site "Danzhou CHN"]
[Date "2016.12.16"]
[Round "9.1"]
[White "Rapport, Richard"]
[Black "Yu, Yangyi"]
[Result "0-1"]
[WhiteTitle "GM"]
[BlackTitle "GM"]
[WhiteElo "2717"]
[BlackElo "2729"]
[WhiteFideId "738590"]
[BlackFideId "8603820"]
[EventDate "2016.12.07"]

1. d4 Nf6 2. Bg5 d5 3. e3 g6 4. Bxf6 exf6 5. c4 dxc4 6. Bxc4 Bd6 7. Nc3 Nd7 8.
Bb3 Nb6 9. Nf3 Qe7 10. O-O O-O 11. h3 Be6 12. e4 Rad8 13. Qc1 Rfe8 14. Re1 Bb4
15. d5 Bc8 16. e5 Bxc3 17. Qxc3 fxe5 18. Rxe5 Qd6 19. Rae1 Rxe5 20. Rxe5 Nd7 21.
Re3 Nf6 22. Ng5 Nxd5 23. Bxd5 Qxd5 24. Ne4 Qd1+ 25. Kh2 Qd4 26. Nf6+ Kg7 27.
Ne8+ Kf8 28. Qxc7 Be6 29. Re4 Qd7 30. Qxd7 Rxd7 31. Nf6 Rd2 32. Rb4 Rxf2 33.
Nxh7+ Kg7 34. Ng5 Bd5 35. Nf3 a5 36. Rb6 Bxa2 37. Kg3 Re2 38. Rxb7 a4 39. Nd4
Rxg2+ 40. Kxg2 Bd5+ 41. Kg3 Bxb7 42. h4 Kf6 43. Kf4 Bd5 44. Nb5 Ke6 45. Nc3 Bc6
46. Ne2 Kd5 47. Kg5 Ke5 48. h5 gxh5 49. Nc3 Kd4 50. Nb1 Kc4 0-1

[Event "1st Hainan Open 2016"]
[Site "Danzhou CHN"]
[Date "2016.12.16"]
[Round "9.2"]
[White "Wen, Yang"]
[Black "Jumabayev, Rinat"]
[Result "0-1"]
[WhiteTitle "GM"]
[BlackTitle "GM"]
[WhiteElo "2607"]
[BlackElo "2611"]
[WhiteFideId "8602956"]
[BlackFideId "13702661"]
[EventDate "2016.12.07"]

1. Nf3 c5 2. c4 Nc6 3. d4 cxd4 4. Nxd4 Nf6 5. Nc3 e6 6. a3 Bc5 7. Nb3 Be7 8. e4
O-O 9. Be2 b6 10. O-O Bb7 11. Bf4 d6 12. Rc1 Rc8 13. Re1 a6 14. Bg3 Ne5 15. Nd2
Re8 16. Kh1 Qc7 17. f4 Ng6 18. Bf3 Nd7 19. Qe2 Bf6 20. Qf1 Qb8 21. Bh5 Rc5 22.
f5 exf5 23. b4 f4 24. bxc5 fxg3 25. cxd6 Qxd6 26. Nd5 Bd4 27. Nf3 Bf2 28. Red1
Nc5 29. Nc3 Qf6 30. Bxg6 Qxg6 31. Rc2 h6 32. Re2 Nxe4 33. Nd5 Bc5 34. Rde1 gxh2
35. Rxe4 Rxe4 36. Ne5 Rxe1 37. Qxe1 Qe6 38. Nf4 Qf5 39. Ned3 Bd6 40. Qe3 Be4 41.
Nf2 Bc6 42. N4d3 Qg6 43. Qh3 Qe6 44. Qh4 Bxa3 45. Qd8+ Kh7 46. Qd4 Qg6 47. Nf4
Bc5 48. Qd2 Qg3 49. N2h3 Qe3 0-1

[Event "1st Hainan Open 2016"]
[Site "Danzhou CHN"]
[Date "2016.12.16"]
[Round "9.3"]
[White "Xu, Yinglun"]
[Black "Zhou, Jianchao"]
[Result "0-1"]
[BlackTitle "GM"]
[WhiteElo "2535"]
[BlackElo "2632"]
[WhiteFideId "8604940"]
[BlackFideId "8603537"]
[EventDate "2016.12.07"]

1. d4 Nf6 2. c4 e6 3. Nf3 d5 4. Nc3 dxc4 5. e3 a6 6. Bxc4 b5 7. Bb3 Bb7 8. O-O
c5 9. Qe2 Nbd7 10. Rd1 c4 11. Bc2 b4 12. Na4 Qc7 13. e4 Be7 14. Bg5 a5 15. Rac1
Ba6 16. Bb3 cxb3 17. Qxa6 Rxa6 18. Rxc7 bxa2 19. Rc8+ Bd8 20. e5 h6 21. exf6
hxg5 22. fxg7 Rg8 23. Ra1 g4 24. Ng5 Rxg7 25. Ne4 f5 26. Nec5 Nxc5 27. dxc5 Kd7
28. Rb8 Bc7 29. Rh8 b3 30. h4 Kc6 31. h5 Be5 32. h6 Re7 0-1

[Event "1st Hainan Open 2016"]
[Site "Danzhou CHN"]
[Date "2016.12.16"]
[Round "9.4"]
[White "Peng, Xiongjian"]
[Black "Tan, Zhongyi"]
[Result "1/2-1/2"]
[BlackTitle "WGM"]
[WhiteElo "2362"]
[BlackElo "2496"]
[WhiteFideId "8610550"]
[BlackFideId "8603642"]
[EventDate "2016.12.07"]

1. d4 Nf6 2. Nf3 e6 3. g3 b5 4. Bg2 Bb7 5. O-O c5 6. c3 Na6 7. Na3 Qb6 8. dxc5
Nxc5 9. Qd4 Bc6 10. Be3 Na4 11. Qxb6 axb6 12. Nxb5 Bxb5 13. Nd4 Bc6 14. Nxc6
Nxb2 15. Ne5 Ra5 16. Rfb1 Ba3 17. Nd3 Nc4 18. Bxb6 Nxb6 19. Rxb6 Ke7 20. Bb7 Rb8
21. Rb3 Bd6 22. Rb2 Ba3 23. Rbb1 Bd6 24. Rb2 1/2-1/2

[Event "1st Hainan Open 2016"]
[Site "Danzhou CHN"]
[Date "2016.12.16"]
[Round "9.5"]
[White "Lu, Shanglei"]
[Black "Fang, Yan"]
[Result "1-0"]
[WhiteTitle "GM"]
[WhiteElo "2627"]
[BlackElo "2429"]
[WhiteFideId "8603332"]
[BlackFideId "8604746"]
[EventDate "2016.12.07"]

1. e4 c5 2. Nf3 d6 3. d4 cxd4 4. Nxd4 Nf6 5. Nc3 g6 6. Be3 Bg7 7. f3 O-O 8. Qd2
Nc6 9. g4 Nxd4 10. Bxd4 Be6 11. Nd5 Bxd5 12. exd5 Qc7 13. h4 Rac8 14. Rh2 h5 15.
g5 Nd7 16. Bxg7 Kxg7 17. f4 e5 18. dxe6 fxe6 19. Re2 d5 20. Rxe6 Rce8 21. Rxe8
Rxe8+ 22. Be2 Re4 23. O-O-O Qxf4 24. Qxf4 Rxf4 25. Rxd5 Nf8 26. Ra5 a6 27. Rc5
Rxh4 28. Rc7+ Kh8 29. Rxb7 Rh1+ 30. Kd2 Rg1 31. Bxa6 Rxg5 32. a4 h4 33. Rf7 Ne6
34. b4 h3 35. Bb7 Rg2+ 36. Kc3 Ng5 37. Rf4 Rg3+ 38. Kb2 Kg7 39. a5 Ne6 40. a6 1-0

[Event "1st Hainan Open 2016"]
[Site "Danzhou CHN"]
[Date "2016.12.16"]
[Round "9.6"]
[White "Chen, Qi b"]
[Black "Sandipan, Chanda"]
[Result "1/2-1/2"]
[BlackTitle "GM"]
[WhiteElo "2290"]
[BlackElo "2593"]
[WhiteFideId "8614733"]
[BlackFideId "5004225"]
[EventDate "2016.12.07"]

1. e4 c5 2. Nc3 d6 3. Nf3 Nf6 4. d4 cxd4 5. Nxd4 a6 6. Be2 e6 7. O-O Be7 8. f4
O-O 9. Be3 Nc6 10. Kh1 Bd7 11. Qe1 b5 12. a3 Qb8 13. Rd1 Nxd4 14. Bxd4 e5 15.
Be3 Bc6 16. fxe5 dxe5 17. Bg5 Qb7 18. Bxf6 Bxf6 19. Qg3 Bd8 20. Nd5 f6 21. Bg4
g6 22. Be6+ Kh8 23. Nb4 Ra7 24. Bd5 Bxd5 25. exd5 Qg7 26. a4 e4 27. Nc6 Rd7 28.
Nd4 Qh6 29. Ne6 Re8 30. Qc3 e3 31. Qc6 Rde7 32. Rde1 bxa4 33. Qxa4 Qh5 34. Qd4
Rd7 35. Nxd8 Qxd5 36. Rxe3 Rxe3 37. Qxe3 1/2-1/2